| 000 | 00448nam a2200181Ia 4500 | ||
|---|---|---|---|
| 003 | GCL | ||
| 008 | 140319s9999 xx 000 0 ara d | ||
| 040 |
_aGCL / _cGCL |
||
| 082 | 0 | 4 |
_a810 _bم ا |
| 100 | 1 | _aمارون عبود | |
| 245 | 1 | 0 |
_aادب العرب / _cمارون عبود |
| 300 | _a528 ص | ||
| 490 | _a | ||
| 650 | 0 | 4 | _aالشعر العربى |
| 650 | 0 | 4 | _aالادب العربى |
| 650 | 0 | 4 | _aالادباء |
| 942 |
_2ddc _cBK |
||
| 999 |
_c45279 _d45279 |
||